[Event "AUTO-ADV-4869"]
[Site "http://www.queenalice.com/game.php?id=1861856"]
[Date "2025.8.21"]
[Round "2"]
[White "rockaudrey"]
[Black "altair"]
[Result "1-0"]
[WhiteElo "2294"]
[BlackElo "1752"]

1. e4 e5 2. Nf3 d6 3. d4 f6 4. Nc3 a6 5. Be3 Nc6 6. Bc4 Nge7 7. Qd2 Ng6 8. O-O-O
Qe7 9. Nd5 Qd7 10. h4 f5 11. exf5 Nge7 12. g4 Nxd5 13. Bxd5 Ne7 14. Bb3 e4 15.
Ng5 d5 16. f3 exf3 17. Nxf3 Qd6 18. Ne5 Nc6 19. Nxc6 Qxc6 20. Bg5 h6 21. Bf4 Bd6
22. Rhe1+ Kd8 23. Be5 Rg8 24. Qe3 Bd7 25. f6 gxf6 26. Bxf6+ Kc8 27. Kb1 Kb8 28.
Qxh6 Ka7 29. Qh5 Bxg4 30. Qh6 Bxd1 31. Rxd1 Rgf8 32. Bg5 Rh8 33. Qe6 Rae8 34.
Qxd5 Qxd5 35. Bxd5 Re2 36. Bf7 Rf8 37. Bg6 Be7 38. Bxe7 Rxe7 39. h5 Re2 40. a3
c6 41. Rh1 Ref2 42. Ka2 Rg2 43. Kb3 Rh8 44. Rf1 Kb6 45. Rf7 Rg4 46. c3 Rg5 47.
Kc4 Ka5 48. Rxb7 Rb5 49. Rxb5+ axb5+ 50. Kc5 Rc8 51. h6 Ka4 52. Bc2+ Ka5 53. h7
Ka6 54. b4 Kb7 55. Be4 Kb8 56. Bxc6 Kc7 57. Kxb5 Kd6 58. d5 Rh8 59. c4 Rxh7 60.
c5+ Kc7 61. d6+ Kc8 62. Kb6 Kd8 63. a4 Rh4 64. Kb5 Kc8 65. a5 Kb8 66. a6 1-0